ASK ME ANYTHING (Record no. 9012)
[ view plain ]
| 000 -LEADER | |
|---|---|
| fixed length control field | 00283nam a22001337a 4500 |
| 082 ## - DEWEY DECIMAL CLASSIFICATION NUMBER | |
| Classification number | 001 |
| Item number | FER/A |
| 100 ## - MAIN ENTRY--AUTHOR NAME | |
| Personal name | FERRIS,JULIE |
| 245 ## - TITLE STATEMENT | |
| Title | ASK ME ANYTHING |
| 246 ## - VARYING FORM OF TITLE | |
| Title proper/short title | ASK ME ANYTHING |
| Remainder of title | ASK ME ANYTHING |
| 260 ## - PUBLICATION, DISTRIBUTION, ETC. (IMPRINT) | |
| Place of publication | LONDON |
| Name of publisher | D K |
| Year of publication | 2009 |
| 300 ## - PHYSICAL DESCRIPTION | |
| Number of Pages | 302 |
| 650 ## - SUBJECT ADDED ENTRY--TOPICAL TERM | |
| Topical Term | G K |
| 942 ## - ADDED ENTRY ELEMENTS (KOHA) | |
| Koha item type | Books |
| Withdrawn status | Lost status | Collection code | Home library | Current library | Shelving location | Date acquired | Source of acquisition | Cost, normal purchase price | Full call number | Accession Number | Koha item type |
|---|---|---|---|---|---|---|---|---|---|---|---|
| Reference | Main Library | Main Library | NEW SHELF WITH NEW ENTRY | 16/11/2024 | COTRIBUTION | 1199.00 | 001 FER/A | 13740 | Books |